000 00325nam a22001457a 4500
999 _c11259
_d11259
003 OSt
008 220521b ||||| |||| 00| 0 eng d
020 _a9789381841792
082 _a355.02 TZA
100 _aTzu,Sun
245 _aArt of war
260 _aNew Delhi
_bGrapevine India
_c2015
300 _a210
942 _2ddc
_cBK